| 000 | 00490nam a2200169 a 4500 | ||
|---|---|---|---|
| 001 | 1108 | ||
| 003 | CDMR | ||
| 005 | 20131030135936.0 | ||
| 008 | 130130s2001||||||||||||||||||||||||||||d | ||
| 020 | _a8488914121 | ||
| 040 |
_aCDMR _bcat _cCDMR |
||
| 100 | 1 |
_aMolinero Cardenal, Antonio _9876 |
|
| 245 | 1 | 3 |
_aEl óxido del tiempo _b: una posible historia de la fotografía _cAntonio Molinero Cardenal |
| 260 |
_aMadrid _c2001 _bOmnicón |
||
| 650 | 0 | 4 |
_93144 _aFotografia _xHistòria |
| 942 |
_cMON _2udc |
||
| 999 |
_c1108 _d1108 |
||